Arsenal Current Squad by Photos (24/25) - Statistics

General Stats
  • This quiz has been taken 37 times
  • The average score is 20 of 22
Answer Stats
Picture Hint Answer % Correct
#4 Ben White
97%
#7 Bukayo Saka
97%
#22 David Raya
97%
#41 Declan Rice
97%
#9 Gabriel Jesus
97%
#8 Martin Ødegaard
97%
#5 Thomas Partey
97%
#6 Gabriel Magalhães
94%
#11 Gabriel Martinelli
94%
#29 Kai Havertz
94%
#19 Leandro Trossard
94%
#23 Mikel Merino
94%
#17 Oleksandr Zinchenko
94%
#30 Raheem Sterling
94%
#2 William Saliba
94%
#20 Jorginho
92%
#33 Riccardo Calafiori
92%
#12 Jurrien Timber
89%
#3 Kieran Tierney
83%
#18 Takehiro Tomiyasu
83%
#15 Jakub Kiwior
81%
#32 Neto
78%
No matching quizzes found
Score Distribution
Percent of People with Each Score
Percentile by Number Answered
Your Score History
You have not taken this quiz